000 01564nam a2200313 4500
001 0000018584
003 CO-CtgCURN
005 20260217195855.0
007 ta
008 160627s2000 000 0 eng d
020 _a9586901904
040 _aCO-CtgCURN
_bspa
_ccoctgcurn
082 0 _a345.001
_bF37p
100 1 _aFernández Carrasquilla, Juan.
245 1 0 _aPrincipios y normas rectoras del derecho penal :
_bIntroducción a la teoria del delito en el estado social y democratico de derecho /
_cJuan Fernández Carrasquilla.
250 _a2a ed.
260 _aBogotá :
_bLeyer,
_c2000.
300 _aix, 486 p.
336 _2rdacontent
337 _2rdamedia
_asin mediacion
_bn
338 _2rdacarrier
_avolumen
_bnc
505 8 _aPalabras liminares e Introducción.--De los principos en general.--Principio de legalidad.--Principio de tipicidad.--Principio de antijuridicidad material y funciones del bien juridico.--Principio de culpabilidad.--Principio de conocimiento de la ley y bases para la teoria del error.--Principio de la prohibicion de analogía.--Principio de igualdad legal de todas las personas.--Principio de favorabilidad.--Principiode cosa juzgada y Ne bis in idem.--Principios del juez natural y el debido proceso
650 1 4 _aTeoria del derecho.
908 _a160627
942 _cBK
_h345.001
_iF37p
_2ddc
_n0
999 _c19767
_d19767